| 000 | 00782nam a2200313 a 4500 | ||
|---|---|---|---|
| 003 | AR-BaBNM | ||
| 005 | 20251128204410.0 | ||
| 008 | 082120s2002 ||||||||||||||000 | spa|| | ||
| 020 | _a950-03-6773-4 | ||
| 040 | _cAR-BaBNM | ||
| 100 | 1 | _aCasona, Alejandro | |
| 245 | 0 | 0 | _aFlor de leyendas |
| 260 |
_aBuenos Aires _bLosada _c1989 |
||
| 300 | _a145 p. | ||
| 490 | 0 | _aJuvenilia | |
| 500 | _aContiene índice de las leyendas | ||
| 500 | _aLista de títulos publicados en la misma colección | ||
| 650 | 4 | _aLITERATURA ESPAÑOLA | |
| 650 | 4 | _aCULTURA | |
| 650 | 4 | _aHUMANIDADES | |
| 650 | 4 | _aMITOLOGIA | |
| 650 | 4 | _aLITERATURA CLASICA | |
| 650 | 4 | _aLEYENDAS | |
| 651 | 4 | _aGrecia | |
| 653 | _aROMA ANTIGUA | ||
| 655 | _aLITERATURA | ||
| 942 | _cBK | ||
| 998 | _cisola | ||
| 999 |
_c7313 _d7313 |
||